000 00700nas a2200241 4500
001 BR9502533
003 BR-BrBNA
005 20231205094007.0
007 ta
008 230509b bl.|||p| |||| 00| 00por d
040 _aBR-BrBNA
_bpor
_cBiblioteca Nacional de Agricultura
041 _a(Pt)
072 _aQ04
100 1 _aAlmeida, T.C.
100 1 _aOliveira, J.S.
245 1 _aFlocos de milho verde na producao de iogurte e sorvete
650 _aMilho
650 _aIogurte
650 _aSorvete
773 0 _tCiencia e Tecnologia de Alimentos (Brazil)
_xISSN 0101-2061
_g(Jan-Jun 1992), v. 12(1) p. 62-71
_wBR9502533
909 _a202311
_bLúcia
_c55
_dLúcia Elande
942 _2AGRIS
_n0
_cANA
999 _c141488
_d141488